00350nam a2200133Ia 4500008004100000020001500041041000800056082001900064245005400083250000600137260005000143300001400193650000900207210716s1993 xx 000 0 und d a8185623953 aeng a005.3001 WEBS aWord for windows 2 desktop publishing by example. a1 aNew DelhibGalgotia Publication Pvt Ltdc1993 axxiii,479 aNone